[Event "Corund Ceramica op 2nd"]
[Site "Corund"]
[Date "2016.09.17"]
[Round "5"]
[White "Baratosi, Daniel"]
[Black "Romcovici, Victor"]
[Result "1/2-1/2"]
[WhiteElo "2355"]
[BlackElo "2146"]
[PlyCount "58"]
[EventDate "2016.09.14"]
[EventType "swiss"]
[EventRounds "7"]
[EventCountry "ROU"]
[SourceTitle "CBM 174 Extra"]
[Source "ChessBase"]
[SourceDate "2016.10.10"]
[SourceVersion "1"]
[SourceVersionDate "2016.10.10"]
[SourceQuality "1"]

1. d4 Nf6 2. Nf3 c5 3. c4 cxd4 4. Nxd4 Nc6 5. Nc3 Qa5 6. Nb3 Qc7 7. e4 d6 8. Bg5 Bg4 9. f3 Bd7 10. Qd2 h6 11. Be3 g5 12. Nd5 Nxd5 13. cxd5 Ne5 14. Rc1 Qb8 15. h4 gxh4 16. Rxh4 Ng6 17. Rh5 b5 18. Nd4 Qb7 19. Qa5 a6 20. Rc7 Qb8 21. Qc3 b4 22. Qc1 Ra7 23. Rxa7 Qxa7 24. Ne6 Qb8 25. Nxf8 Kxf8 26. Bd4 f6 27. Rxh6 Kg7 28. Rxh8 Qxh8 29. Kf2 Qh2 1/2-1/2

[Event "Corund Ceramica op 2nd"]
[Site "Corund"]
[Date "2016.09.17"]
[Round "4"]
[White "Romcovici, Victor"]
[Black "Tampea, Radu"]
[Result "1-0"]
[WhiteElo "2146"]
[BlackElo "1745"]
[PlyCount "73"]
[EventDate "2016.09.14"]
[EventType "swiss"]
[EventRounds "7"]
[EventCountry "ROU"]
[SourceTitle "CBM 174 Extra"]
[Source "ChessBase"]
[SourceDate "2016.10.10"]
[SourceVersion "1"]
[SourceVersionDate "2016.10.10"]
[SourceQuality "1"]

1. e4 c5 2. Nc3 e6 3. g3 d5 4. Bg2 dxe4 5. Nxe4 Nf6 6. Nxf6+ Qxf6 7. Nf3 Nc6 8. d3 Qd8 9. 0-0 Be7 10. Re1 0-0 11. c3 Qd7 12. Qe2 Rd8 13. Rd1 Bf6 14. Be3 Qe7 15. Nd2 Ne5 16. Ne4 Nd7 17. d4 cxd4 18. Nxf6+ Nxf6 19. Bxd4 Re8 20. Qe5 Rd8 21. Rd2 Qf8 22. Qg5 Nd5 23. Bxg7 Qxg7 24. Qxd8+ Qf8 25. Qh4 f5 26. c4 Ne7 27. Rad1 Ng6 28. Qg5 Kg7 29. Bxb7 Bxb7 30. Rd7+ Kg8 31. Rxb7 Rc8 32. Rdd7 Rxc4 33. Qh5 Rc1+ 34. Kg2 Nf4+ 35. gxf4 Qg7+ 36. Rxg7+ Kf8 37. Qf7# 1-0

[Event "WchT Seniors 65"]
[Site "Radebeul"]
[Date "2016.06.26"]
[Round "1.1"]
[White "Palmo, Pentti Olavi"]
[Black "Romcovici, Victor"]
[Result "0-1"]
[WhiteElo "1995"]
[BlackElo "2122"]
[PlyCount "100"]
[EventDate "2016.06.26"]
[EventType "team-swiss"]
[EventRounds "9"]
[EventCountry "GER"]
[SourceTitle "CBM 173 Extra"]
[Source "ChessBase"]
[SourceDate "2016.08.29"]
[SourceVersion "1"]
[SourceVersionDate "2016.08.29"]
[SourceQuality "1"]
[WhiteTeam "Turku"]
[BlackTeam "Moldova"]
[WhiteTeamCountry "FIN"]
[BlackTeamCountry "MDA"]

1. e4 e5 2. Nf3 Nc6 3. Bb5 g6 4. c3 a6 5. Bc4 Bg7 6. 0-0 d6 7. Re1 Nge7 8. d4 0-0 9. dxe5 dxe5 10. Qxd8 Rxd8 11. h3 b5 12. Bb3 Na5 13. Bc2 h6 14. a4 Be6 15. Be3 Nec6 16. axb5 axb5 17. Nbd2 Bf8 18. b4 Nc4 19. Nxc4 Bxc4 20. Nd2 Be6 21. Nb3 Kg7 22. Nc5 Bc4 23. Na6 Bd6 24. Nc5 Rdb8 25. Na6 Rc8 26. Nc5 Nd8 27. f3 Ne6 28. Nxe6+ Bxe6 29. g4 Be7 30. Red1 c5 31. bxc5 Rxa1 32. Rxa1 Bxc5 33. Bxc5 Rxc5 34. Bd3 Rxc3 35. Bxb5 Rxf3 36. Kg2 Re3 37. Bc6 h5 38. gxh5 Bxh3+ 39. Kf2 Rc3 40. Bd5 g5 41. Ra7 g4 42. Rxf7+ Kh6 43. Rf6+ Kxh5 44. Bf7+ Kh4 45. Rh6+ Kg5 46. Rg6+ Kf4 47. Rf6+ Kxe4 48. Bg6+ Kd5 49. Bf7+ Kc5 50. Bg6 g3+ 0-1

[Event "MDA-ch FL op"]
[Site "Kishinev"]
[Date "2015.12.11"]
[Round "7"]
[White "Romcovici, Victor"]
[Black "Ianocichin, Victor"]
[Result "1-0"]
[WhiteElo "2141"]
[BlackElo "2194"]
[PlyCount "89"]
[EventDate "2015.12.05"]
[EventType "swiss"]
[EventRounds "9"]
[EventCountry "MDA"]
[SourceTitle "EXT 2022"]
[Source "ChessBase"]
[SourceDate "2021.10.06"]
[SourceVersion "1"]
[SourceVersionDate "2021.10.06"]
[SourceQuality "1"]

1. d4 Nf6 2. Bg5 e6 3. e4 h6 4. Bxf6 Qxf6 5. c3 d6 6. Bd3 Nd7 7. Ne2 Qd8 8. 0-0 Be7 9. f4 e5 10. Nd2 0-0 11. Nc4 c6 12. a4 a5 13. Qb3 exd4 14. cxd4 Nf6 15. Nb6 Rb8 16. Nxc8 Qxc8 17. e5 Nd5 18. Bc4 dxe5 19. fxe5 Qg4 20. Rf3 Qd7 21. Raf1 Bg5 22. Ng3 g6 23. Ne4 Be7 24. h4 Kg7 25. h5 Rbd8 26. Kh1 g5 27. Ng3 Nf4 28. Qc2 Kh8 29. Nf5 f6 30. Nxh6 Qxd4 31. Rxf4 gxf4 32. e6 f5 33. Nf7+ Kg7 34. Qxf5 Qf6 35. h6+ Qxh6+ 36. Nxh6 Kxh6 37. Qh3+ Kg5 38. Qc3 Rh8+ 39. Kg1 Bc5+ 40. Rf2 Rd1+ 41. Bf1 Bd4 42. Qf3 Bxf2+ 43. Qxf2 Rhd8 44. e7 Re8 45. g3 1-0

[Event "MDA-ch FL op"]
[Site "Kishinev"]
[Date "2015.12.09"]
[Round "5"]
[White "Romcovici, Victor"]
[Black "Bargan, Sergei"]
[Result "0-1"]
[WhiteElo "2141"]
[BlackElo "2242"]
[PlyCount "66"]
[EventDate "2015.12.05"]
[EventType "swiss"]
[EventRounds "9"]
[EventCountry "MDA"]
[SourceTitle "EXT 2022"]
[Source "ChessBase"]
[SourceDate "2021.10.06"]
[SourceVersion "1"]
[SourceVersionDate "2021.10.06"]
[SourceQuality "1"]

1. d4 Nf6 2. Nf3 g6 3. c4 c5 4. d5 b5 5. cxb5 a6 6. bxa6 Bg7 7. Nc3 Bxa6 8. g3 0-0 9. Bg2 d6 10. 0-0 Nbd7 11. Re1 Qa5 12. Qc2 Rfb8 13. Bh3 Ra7 14. Bd2 Ne8 15. Ng5 Ne5 16. b3 c4 17. f4 Nd7 18. e4 Qc7 19. e5 dxe5 20. Bxd7 Qxd7 21. fxe5 e6 22. Be3 Rc7 23. Rad1 cxb3 24. axb3 exd5 25. Bd4 Qg4 26. Qd2 Bh6 27. Nxd5 Bxg5 28. Qa2 Rd7 29. Qxa6 Rxd5 30. e6 fxe6 31. Qa7 Rbd8 32. Rf1 R5d7 33. Qc5 Be7 0-1

[Event "EU-chT Seniors"]
[Site "Vienna"]
[Date "2015.07.14"]
[Round "3.9"]
[White "Haertl, Siegfried"]
[Black "Romcovici, Victor"]
[Result "0-1"]
[WhiteElo "2050"]
[BlackElo "2086"]
[PlyCount "66"]
[EventDate "2015.07.12"]
[EventType "team-swiss"]
[EventRounds "9"]
[EventCountry "AUT"]
[SourceTitle "EXT 2018"]
[Source "ChessBase"]
[SourceDate "2017.10.13"]
[SourceVersion "1"]
[SourceVersionDate "2017.10.13"]
[SourceQuality "1"]
[WhiteTeam "Voralberg"]
[BlackTeam "Moldova"]
[WhiteTeamCountry "AUT"]
[BlackTeamCountry "MDA"]

1. d4 Nf6 2. Nf3 b6 3. c4 e6 4. Nc3 Bb7 5. e3 d6 6. Be2 Be7 7. 0-0 0-0 8. b3 Nbd7 9. Bb2 Ne4 10. Nxe4 Bxe4 11. Nd2 Bb7 12. Bf3 Qc8 13. e4 Bf6 14. Re1 e5 15. d5 Nc5 16. Nf1 a5 17. Ng3 g6 18. Qd2 Qd8 19. Qc3 Bg5 20. a3 a4 21. Bd1 axb3 22. Bxb3 Bd2 23. Qxd2 Nxb3 24. Qh6 Nxa1 25. Nh5 gxh5 26. Re3 h4 27. f4 f6 28. Qxh4 Nc2 29. Rh3 Rf7 30. fxe5 fxe5 31. Rg3+ Rg7 32. Rxg7+ Kxg7 33. Qg3+ Kf7 0-1

[Event "Eforie Nord Seacoast op 25th"]
[Site "Eforie Nord"]
[Date "2015.07.02"]
[Round "10"]
[White "Bonte, Andrei Mihai"]
[Black "Romcovici, Victor"]
[Result "1-0"]
[WhiteElo "2319"]
[BlackElo "2100"]
[PlyCount "93"]
[EventDate "2015.06.23"]
[EventType "swiss"]
[EventRounds "10"]
[EventCountry "ROU"]
[SourceTitle "CBM 167 Extra"]
[Source "ChessBase"]
[SourceDate "2015.09.14"]
[SourceVersion "1"]
[SourceVersionDate "2015.09.14"]
[SourceQuality "1"]

1. d4 Nf6 2. c4 Nc6 3. Nf3 e6 4. Nc3 Bb4 5. Qc2 0-0 6. a3 Bxc3+ 7. Qxc3 Ne4 8. Qc2 f5 9. e3 d6 10. b3 e5 11. dxe5 dxe5 12. Bb2 Qe7 13. 0-0-0 a5 14. Nd2 Nxd2 15. Qxd2 f4 16. Be2 Bf5 17. exf4 Nd4 18. Qe3 c5 19. Rxd4 cxd4 20. Qxe5 Qxe5 21. fxe5 d3 22. Bf3 Rab8 23. Bd5+ Kh8 24. a4 b6 25. Kd2 Rfe8 26. Re1 Be6 27. Kxd3 g6 28. f4 Kg7 29. Ke4 Bf5+ 30. Kf3 Be6 31. g4 Rbd8 32. Rd1 h5 33. h3 hxg4+ 34. hxg4 Re7 35. Ba3 Red7 36. Bd6 Rxd6 37. exd6 Rxd6 38. Rd3 Rd8 39. Be4 Rb8 40. Rd6 Bf7 41. Ke3 Be8 42. Bd5 Kf8 43. Kd4 Ke7 44. Ke5 Bf7 45. Bxf7 Kxf7 46. Rd7+ Ke8 47. Rh7 1-0

[Event "Eforie Nord Seacoast op 25th"]
[Site "Eforie Nord"]
[Date "2015.06.30"]
[Round "8"]
[White "Erhan, Raluca"]
[Black "Romcovici, Victor"]
[Result "1/2-1/2"]
[WhiteElo "2017"]
[BlackElo "2100"]
[PlyCount "111"]
[EventDate "2015.06.23"]
[EventType "swiss"]
[EventRounds "10"]
[EventCountry "ROU"]
[SourceTitle "CBM 167 Extra"]
[Source "ChessBase"]
[SourceDate "2015.09.14"]
[SourceVersion "1"]
[SourceVersionDate "2015.09.14"]
[SourceQuality "1"]

1. f4 e5 2. fxe5 d6 3. exd6 Bxd6 4. Nf3 g5 5. g3 g4 6. Nh4 Ne7 7. d4 Nbc6 8. c3 Ng6 9. Nxg6 hxg6 10. Bg2 f5 11. Qd3 Qe7 12. Bf4 Bd7 13. Bxd6 cxd6 14. Nd2 0-0-0 15. 0-0-0 Kb8 16. e4 Rc8 17. Kb1 Na5 18. Ka1 a6 19. exf5 gxf5 20. Rde1 Qf7 21. h3 Bb5 22. Qb1 gxh3 23. Rxh3 Rhg8 24. Bf1 Bd7 25. Bd3 Rg7 26. Rf1 Rf8 27. Rf4 Be6 28. d5 Bxd5 29. Rxf5 Qg8 30. Rxf8+ Qxf8 31. Be4 Be6 32. Rh6 Qf7 33. Rh7 d5 34. Rxg7 Qxg7 35. Bg6 Qe5 36. Nf1 Bh3 37. Bd3 b5 38. Qc1 Bxf1 39. Qxf1 Qxg3 40. Qf8+ Kb7 41. Qf7+ Kc6 42. Qg6+ Qxg6 43. Bxg6 Nc4 44. Kb1 a5 45. Kc2 Kc5 46. b3 Ne5 47. Bh5 b4 48. Be2 Nf7 49. cxb4+ axb4 50. Kd3 Nd6 51. Kc2 Kd4 52. Bf3 Ne4 53. Kb2 Ke3 54. Bh5 d4 55. a3 Nf6 56. Bg6 1/2-1/2

[Event "Balti Hohlov Memorial"]
[Site "Balti"]
[Date "2015.01.06"]
[Round "8"]
[White "Romcovici, Victor"]
[Black "Vusatiuk, Vladimir"]
[Result "0-1"]
[WhiteElo "2112"]
[BlackElo "2362"]
[PlyCount "88"]
[EventDate "2015.01.02"]
[EventType "tourn"]
[EventRounds "9"]
[EventCountry "MDA"]
[EventCategory "1"]
[SourceTitle "CBM 164 Extra"]
[Source "ChessBase"]
[SourceDate "2015.03.02"]
[SourceVersion "1"]
[SourceVersionDate "2015.03.02"]
[SourceQuality "1"]

1. Nc3 d5 2. e4 e6 3. f4 Nf6 4. e5 Nfd7 5. g3 c5 6. d3 Nc6 7. Nf3 a6 8. Bg2 g6 9. 0-0 Bg7 10. Bd2 0-0 11. g4 b5 12. Ne2 a5 13. Ng3 b4 14. Re1 Bb7 15. c3 Qb6 16. Be3 Rfc8 17. Qd2 Bf8 18. Qf2 Ba6 19. Rad1 bxc3 20. bxc3 Rab8 21. d4 cxd4 22. cxd4 Nb4 23. Bf1 Rc2 24. Rd2 Rbc8 25. Red1 Rxd2 26. Rxd2 Rc1 27. Kg2 Bxf1+ 28. Nxf1 Qc6 29. f5 Nb6 30. Ng3 Nc4 31. Re2 Nd3 32. Bxc1 Nxf2 33. Kxf2 Nxe5 34. Nxe5 Qxc1 35. fxe6 Qf4+ 36. Nf3 fxe6 37. Rxe6 Qxg4 38. Re5 Qd7 39. Ne2 Bd6 40. Re3 Qh3 41. Neg1 Qf5 42. Kg2 g5 43. Re2 g4 44. Ne5 Qf4 0-1

[Event "WchT Seniors 50"]
[Site "Vilnius"]
[Date "2014.07.14"]
[Round "2.6"]
[White "Bennett, Hilton Petrie"]
[Black "Romcovici, Victor"]
[Result "1/2-1/2"]
[WhiteElo "2009"]
[BlackElo "2106"]
[PlyCount "112"]
[EventDate "2014.07.13"]
[EventType "team-swiss"]
[EventRounds "9"]
[EventCountry "LTU"]
[SourceTitle "CBM 161 Extra"]
[Source "ChessBase"]
[SourceDate "2014.08.29"]
[SourceVersion "1"]
[SourceVersionDate "2014.08.29"]
[SourceQuality "1"]
[WhiteTeam "New Zealand"]
[BlackTeam "Moldova"]
[WhiteTeamCountry "NZL"]
[BlackTeamCountry "MDA"]

1. e4 e5 2. d4 exd4 3. Qxd4 Nc6 4. Qe3 g6 5. Nc3 Bg7 6. Bd2 d6 7. 0-0-0 Be6 8. f4 Nge7 9. Nf3 h6 10. h3 Qd7 11. g4 f5 12. gxf5 gxf5 13. Bb5 a6 14. Ba4 fxe4 15. Nxe4 Nf5 16. Qe1 0-0-0 17. Bc3 Qf7 18. Bxc6 bxc6 19. Neg5 hxg5 20. Nxg5 Bxc3 21. bxc3 Qf6 22. Qxe6+ Qxe6 23. Nxe6 Rde8 24. Rde1 Ng3 25. Rhg1 Rxh3 26. Re3 Rh6 27. Rgxg3 Rexe6 28. Rxe6 Rxe6 29. Rf3 d5 30. f5 Rf6 31. Kd2 Kd7 32. Ke3 c5 33. Kf4 Ke7 34. Rg3 Rb6 35. Ke5 d4 36. Rg7+ Kf8 37. Rxc7 Rb2 38. cxd4 cxd4 39. a3 Rb5+ 40. Kf6 Rb6+ 41. Kg5 a5 42. f6 Rb1 43. Kf5 Re1 44. Rc5 Re2 45. Rc4 Kf7 46. Rxd4 Rxc2 47. Rd7+ Kf8 48. Rd5 a4 49. Rd4 Rf2+ 50. Rf4 Rxf4+ 51. Kxf4 Kf7 52. Ke5 Kf8 53. Ke6 Ke8 54. Kd6 Kf7 55. Kc5 Kxf6 56. Kb4 Ke7 1/2-1/2

[Event "Eforie Nord op"]
[Site "Eforie Nord"]
[Date "2014.07.01"]
[Round "9"]
[White "Kostic, Nebojsa"]
[Black "Romcovici, Victor"]
[Result "1-0"]
[WhiteElo "2271"]
[BlackElo "2115"]
[PlyCount "87"]
[EventDate "2014.06.24"]
[EventType "swiss"]
[EventRounds "11"]
[EventCountry "ROU"]
[SourceTitle "CBM 161 Extra"]
[Source "ChessBase"]
[SourceDate "2014.08.29"]
[SourceVersion "1"]
[SourceVersionDate "2014.08.29"]
[SourceQuality "1"]

1. c4 e5 2. Nc3 Nc6 3. g3 f5 4. Bg2 Nf6 5. a3 Be7 6. d3 0-0 7. b4 Qe8 8. e3 Bd8 9. Nge2 d6 10. h3 Kh8 11. 0-0 Qh5 12. f4 a6 13. Rb1 h6 14. d4 e4 15. d5 Ne7 16. Bb2 Kh7 17. Qd4 Ne8 18. Rf2 Ng8 19. Kh2 Ngf6 20. Kg1 Ng8 21. Nxe4 fxe4 22. g4 Qh4 23. Qxe4+ g6 24. Rbf1 Ngf6 25. Qd3 Rg8 26. Bf3 Ng7 27. Rh2 Bd7 28. Bc3 Nfe8 29. Be4 Nf5 30. gxf5 gxf5+ 31. Rg2 Qxh3 32. Rxg8 Kxg8 33. Bg2 Qh5 34. Rf3 Kh7 35. Rh3 Qg6 36. Rg3 Qf7 37. e4 c6 38. e5 cxd5 39. Bxd5 Qh5 40. Bg8+ Kh8 41. e6+ Nf6 42. Bf7 Bb6+ 43. c5 Qh4 44. Qxf5 1-0

[Event "Iasi op"]
[Site "Iasi"]
[Date "2014.05.11"]
[Round "2"]
[White "Romcovici, Victor"]
[Black "Ris, Robert"]
[Result "0-1"]
[WhiteElo "2108"]
[BlackElo "2410"]
[PlyCount "63"]
[EventDate "2014.05.10"]
[EventType "swiss"]
[EventRounds "9"]
[EventCountry "ROU"]
[SourceTitle "CBM 160 Extra"]
[Source "ChessBase"]
[SourceDate "2014.07.01"]
[SourceVersion "1"]
[SourceVersionDate "2014.07.01"]
[SourceQuality "1"]

1. d4 d5 2. f4 Nf6 3. Nf3 Bf5 4. e3 e6 5. Bd3 Be7 6. 0-0 0-0 7. b3 c5 8. Bb2 Nc6 9. a3 Rc8 10. Qe2 Qb6 11. Ra2 Bxd3 12. Qxd3 Ne4 13. Nbd2 f5 14. c4 Qa6 15. Raa1 Bf6 16. Rab1 Rfd8 17. Rfd1 Rc7 18. Qc2 cxd4 19. exd4 Na5 20. c5 Qe2 21. Re1 Qf2+ 22. Kh1 b6 23. Bc3 Nc6 24. cxb6 axb6 25. Qb2 Nxd2 26. Qxd2 Qxd2 27. Bxd2 Nxd4 28. Nxd4 Bxd4 29. Rxe6 Rc2 30. Bb4 Bc5 31. Be1 Bxa3 32. Rxb6 0-1

[Event "Kishinev op"]
[Site "Kishinev"]
[Date "2014.01.26"]
[Round "9"]
[White "Romcovici, Victor"]
[Black "Iovcov, Valerii"]
[Result "0-1"]
[WhiteElo "2114"]
[BlackElo "2178"]
[PlyCount "130"]
[EventDate "2014.01.18"]
[EventType "swiss"]
[EventRounds "9"]
[EventCountry "MDA"]
[SourceTitle "EXT 2016"]
[Source "ChessBase"]
[SourceDate "2015.10.08"]
[SourceVersion "1"]
[SourceVersionDate "2015.10.08"]
[SourceQuality "1"]

1. d4 d5 2. Nf3 Nf6 3. e3 c6 4. Bd3 g6 5. Nbd2 Bg7 6. Ne5 Nbd7 7. f4 Nxe5 8. fxe5 Ng4 9. Nf3 f6 10. exf6 exf6 11. h3 Nh6 12. g4 Be6 13. Qe2 Qd7 14. Bd2 Nf7 15. 0-0-0 0-0-0 16. Kb1 Nd6 17. Rc1 Rhe8 18. Ba5 b6 19. Be1 Kb8 20. b3 Bf7 21. Bg3 Ka8 22. c3 Re7 23. Rhe1 Rde8 24. Qf2 Ne4 25. Bxe4 Rxe4 26. g5 Qf5 27. Rc2 fxg5 28. Ne5 Bxe5 29. Bxe5 Be6 30. Qg1 Rf8 31. Kb2 Rf7 32. Bh2 Qxh3 33. Qxg5 Qh4 34. Qg1 Rg4 35. Qh1 Bf5 36. Rf1 Be4 37. Qxe4 Rxe4 38. Rxf7 Rxe3 39. Bd6 Re6 40. Be5 Re8 41. Rh2 Qxh2+ 42. Bxh2 Re2+ 43. Ka3 Rxh2 44. Rc7 g5 45. Rxc6 g4 46. Rc8+ Kb7 47. Rg8 h5 48. c4 Kc6 49. Rg6+ Kd7 50. Rg5 dxc4 51. bxc4 Rh3+ 52. Kb4 g3 53. d5 h4 54. Rg7+ Kd6 55. Rg6+ Ke5 56. d6 Rh1 57. Kb5 Rd1 58. Kc6 Rxd6+ 59. Rxd6 g2 60. Rg6 h3 61. Kb5 h2 62. Rxg2 h1Q 63. Rd2 Qc1 64. Rd5+ Ke4 65. a4 Qc3 0-1

[Event "Kishinev op"]
[Site "Kishinev"]
[Date "2014.01.25"]
[Round "8"]
[White "Itkis, Boris"]
[Black "Romcovici, Victor"]
[Result "1/2-1/2"]
[WhiteElo "2372"]
[BlackElo "2114"]
[PlyCount "115"]
[EventDate "2014.01.18"]
[EventType "swiss"]
[EventRounds "9"]
[EventCountry "MDA"]
[SourceTitle "EXT 2016"]
[Source "ChessBase"]
[SourceDate "2015.10.08"]
[SourceVersion "1"]
[SourceVersionDate "2015.10.08"]
[SourceQuality "1"]

1. d4 Nf6 2. Nf3 g6 3. c4 c5 4. Nc3 cxd4 5. Nxd4 Bg7 6. g3 Nc6 7. Bg2 0-0 8. 0-0 a6 9. c5 Qc7 10. Nb3 b6 11. Bf4 Qa7 12. cxb6 Qxb6 13. Rc1 a5 14. Na4 Qb5 15. Nbc5 Ra7 16. b3 Nh5 17. Be3 Rc7 18. Nc3 Bxc3 19. Rxc3 Nb4 20. Na4 Rxc3 21. Nxc3 Qa6 22. a3 Nc6 23. Nd5 Qb5 24. a4 Qb8 25. Nb6 Nf6 26. Qd2 Qe5 27. Rc1 Qh5 28. h3 Ba6 29. g4 Qe5 30. g5 Ne4 31. Qc2 Nd4 32. Nxd7 Nxc2 33. Nxe5 Nxe3 34. Bxe4 Nf5 35. e3 Nd6 36. Bg2 Rb8 37. Rc3 Bb7 38. Bxb7 Rxb7 39. f3 f6 40. gxf6 exf6 41. Nd3 Kf7 42. Kf2 g5 43. e4 h5 44. Ke3 Ke7 45. Kd2 g4 46. hxg4 hxg4 47. Ke3 gxf3 48. Kxf3 f5 49. exf5 Nxf5 50. Ke4 Nd6+ 51. Ke3 Nf5+ 52. Kd2 Nd4 53. Nc5 Rb4 54. Kd3 Nc6 55. Rc1 Kd6 56. Ne4+ Kc7 57. Nd2 Kb7 58. Re1 1/2-1/2

[Event "Kishinev op"]
[Site "Kishinev"]
[Date "2014.01.21"]
[Round "4"]
[White "Romcovici, Victor"]
[Black "Silantiev, Stanislav"]
[Result "1/2-1/2"]
[WhiteElo "2114"]
[BlackElo "1814"]
[PlyCount "94"]
[EventDate "2014.01.18"]
[EventType "swiss"]
[EventRounds "9"]
[EventCountry "MDA"]
[SourceTitle "EXT 2016"]
[Source "ChessBase"]
[SourceDate "2015.10.08"]
[SourceVersion "1"]
[SourceVersionDate "2015.10.08"]
[SourceQuality "1"]

1. f4 d5 2. Nf3 g6 3. d4 Bg7 4. e3 Nf6 5. Bd3 b6 6. b3 0-0 7. 0-0 Nc6 8. Ba3 a5 9. Qe1 Bb7 10. c4 Ne4 11. Nbd2 Nb4 12. Bxb4 axb4 13. Bxe4 dxe4 14. Ng5 c5 15. d5 h6 16. Ngxe4 f5 17. Nf2 e6 18. Nf3 exd5 19. Ne5 Bxe5 20. fxe5 dxc4 21. bxc4 Ra3 22. Nh3 g5 23. Qg3 Be4 24. Rad1 Qe7 25. Rf2 Rd8 26. Rd6 Rxd6 27. exd6 Qg7 28. Re2 Rd3 29. d7 Rxd7 30. Qb8+ Kh7 31. Qxb6 Qe5 32. Re1 Bd3 33. Qb5 Re7 34. Nf2 Bc2 35. h3 h5 36. Qa6 f4 37. e4 Qd4 38. Qc8 Kg7 39. Qc6 Qxc4 40. Rc1 Bxe4 41. Rxc4 Bxc6 42. Rxc5 Re1+ 43. Kh2 Re2 44. Rxg5+ Kh6 45. Rc5 Bf3 46. Kg1 Re1+ 47. Kh2 Re2 1/2-1/2

[Event "Kishinev op"]
[Site "Kishinev"]
[Date "2014.01.18"]
[Round "1"]
[White "Verbin, Valentina"]
[Black "Romcovici, Victor"]
[Result "0-1"]
[WhiteElo "1511"]
[BlackElo "2114"]
[PlyCount "56"]
[EventDate "2014.01.18"]
[EventType "swiss"]
[EventRounds "9"]
[EventCountry "MDA"]
[SourceTitle "EXT 2016"]
[Source "ChessBase"]
[SourceDate "2015.10.08"]
[SourceVersion "1"]
[SourceVersionDate "2015.10.08"]
[SourceQuality "1"]

1. e4 Nc6 2. Nc3 e5 3. Nf3 Nf6 4. Bb5 Nd4 5. Bc4 Bb4 6. d3 d5 7. exd5 Bg4 8. Bg5 h6 9. Bd2 0-0 10. a3 Bxc3 11. Bxc3 Nxd5 12. Bxd4 exd4 13. 0-0 Nf4 14. Qd2 Qf6 15. Qd1 Rae8 16. Kh1 Nxg2 17. Kxg2 Re5 18. Nxe5 Bxd1 19. Raxd1 Qxe5 20. Rfe1 Qg5+ 21. Kh1 Qf5 22. Kg1 Qg4+ 23. Kf1 Rd8 24. Rd2 Qf3 25. Rdd1 Qh1+ 26. Ke2 Qxh2 27. Rf1 Re8+ 28. Kf3 Qh3+ 0-1

[Event "EU-ch Seniors rap"]
[Site "Plovdiv"]
[Date "2013.03.20"]
[Round "6"]
[White "Romcovici, Victor"]
[Black "Velikov, Petar"]
[Result "0-1"]
[WhiteElo "2144"]
[BlackElo "2417"]
[PlyCount "154"]
[EventDate "2013.03.20"]
[EventType "swiss (rapid)"]
[EventRounds "9"]
[EventCountry "BUL"]
[SourceTitle "EXT 2014"]
[Source "ChessBase"]
[SourceDate "2013.11.20"]
[SourceVersion "1"]
[SourceVersionDate "2013.11.20"]
[SourceQuality "1"]

1. d4 d5 2. Nf3 Nf6 3. e3 c5 4. b3 Nc6 5. a3 cxd4 6. exd4 Bg4 7. Be2 e6 8. 0-0 Be7 9. Bb2 0-0 10. h3 Bh5 11. Nbd2 Rc8 12. c4 dxc4 13. bxc4 Qa5 14. Qb3 Qc7 15. Qe3 Rfd8 16. Rfd1 Re8 17. Rac1 Bd6 18. Qd3 Bg6 19. Qb3 Bf4 20. Nh4 Ne4 21. Nhf3 Red8 22. d5 Na5 23. Qa2 e5 24. g3 Qb6 25. Nxe4 Bxc1 26. Rxc1 Bxe4 27. Nxe5 Re8 28. Bg4 Rcd8 29. Bc3 Qc7 30. f4 f6 31. Be6+ Rxe6 32. dxe6 fxe5 33. Bxe5 Qc5+ 34. Qf2 Qxf2+ 35. Kxf2 Nc6 36. Ke3 Bf5 37. e7 Nxe7 38. g4 Bc8 39. f5 Nc6 40. Bc7 Re8+ 41. Kf4 Re7 42. Bd6 Re2 43. Rd1 Rc2 44. c5 Rc4+ 45. Kg5 Kf7 46. Rd3 Rd4 47. Re3 Rd5 48. h4 h6+ 49. Kf4 h5 50. Rf3 hxg4 51. Kxg4 g6 52. h5 gxh5+ 53. Kg5 h4 54. Kxh4 Rxf5 55. Re3 Be6 56. Kg3 Kf6 57. Re1 Ne5 58. Rh1 Bd5 59. Rh6+ Kg5 60. Rh7 Rf3+ 61. Kh2 Ng4+ 62. Kg1 Rb3 63. Rg7+ Kf5 64. Kf1 Rxa3 65. Ke2 Rb3 66. Kd2 a5 67. Rh7 Nf6 68. Rh4 Bc6 69. Kc2 a4 70. Rf4+ Ke6 71. Rf1 Ne4 72. Bf8 Rg3 73. Kb2 a3+ 74. Ka1 Rg2 75. Re1 Kd5 76. Rd1+ Kc4 77. Rc1+ Kb3 0-1

[Event "EU-ch Seniors 13th"]
[Site "Plovdiv"]
[Date "2013.03.12"]
[Round "2"]
[White "Romcovici, Victor"]
[Black "Bojarinov, Victor A"]
[Result "0-1"]
[WhiteElo "2144"]
[BlackElo "2343"]
[PlyCount "78"]
[EventDate "2013.03.11"]
[EventType "swiss"]
[EventRounds "9"]
[EventCountry "BUL"]
[SourceTitle "CBM 153 Extra"]
[Source "ChessBase"]
[SourceDate "2013.04.22"]
[SourceVersion "1"]
[SourceVersionDate "2013.04.22"]
[SourceQuality "1"]

1. d4 Nf6 2. Bg5 c5 3. d5 Ne4 4. Bc1 e6 5. g3 exd5 6. Qxd5 Nf6 7. Qd3 h6 8. Bg2 d5 9. b3 Nc6 10. a3 Nd4 11. Nf3 Bf5 12. Qe3+ Be4 13. Ra2 Qe7 14. 0-0 Bxc2 15. Nxd4 Bxb1 16. Qxe7+ Bxe7 17. Rb2 Be4 18. Bxe4 Nxe4 19. Nf5 g6 20. Nxe7 Kxe7 21. Rc2 b6 22. f3 Nd6 23. Rd1 Ke6 24. Rcd2 d4 25. e3 Nf5 26. exd4 Nxd4 27. Kf2 Rhd8 28. Bb2 Rac8 29. h4 f5 30. b4 Nc6 31. Re2+ Kf7 32. Rde1 cxb4 33. axb4 Re8 34. b5 Rxe2+ 35. Rxe2 Nb4 36. Ba3 Nd3+ 37. Ke3 Rc3 38. Kd2 Rxa3 39. Re3 Nb2 0-1